| 000 | 00563nam a2200217Ia 4500 | ||
|---|---|---|---|
| 003 | OSt | ||
| 005 | 20220928140650.0 | ||
| 006 | a|||||r|||| 00| 0 | ||
| 007 | ta | ||
| 008 | 220927b |||||||| |||| 00| 0 eng d | ||
| 024 | _a10761 | ||
| 037 | _cTextual | ||
| 040 |
_aSDCL _cSDCL _beng |
||
| 041 |
_2eng _aeng |
||
| 082 | _aB281, N4 | ||
| 100 |
_aHoffmann-Jorgensen Jorgen Ed. _9496784 |
||
| 245 | 0 | _aProbability in banach spaces, 9. | |
| 260 | _c1994 | ||
| 942 |
_hB281, N4 _cTEXL _2CC |
||
| 999 |
_c813229 _d813229 |
||